000 00539nam a2200193Ia 4500
008 090124s9999 xx 000 0 und d
082 _b44932
100 _aठाकूर योगेंद्र
245 _a महा 'जन
250 _a1
260 _c2006
300 _a122
600 _aठाकूर योगेंद्र
630 _a महा 'जन
700 _aठाकूर योगेंद्र
700 _aखांबेटे सतीश
730 _a महा 'जन
942 _cBOOK
999 _c111154
_d111154